| 000 | 00000nas 2200000za 4500 |
| 001 | 9.501137 |
| 003 | CaOODSP |
| 005 | 20250319165104 |
| 007 | cr ||||||||||| |
| 008 | 150406d19992001xxc|| p o||||f| |0fre|d |
| 040 | |aCaOODSP|bfre |
| 043 | |an-cn--- |
| 086 | 1 |aNH2-41F-PDF |
| 110 | 2 |aSociété canadienne d'hypothèques et de logement.|eauteur, |eorganisme de publication. |
| 245 | 10|aLes résidences pour personnes âgées, étude de marché - Hull |h[ressource électronique] |
| 260 | |aMontréal - Québec : |bSociété canadienne d'hypothèques et de logement |
| 310 | |aAnnuel |
| 362 | 1 |a[1999]-[2001] |
| 691 | 07|aLogement|2gcpds |
| 691 | 07|aAîné|2gcpds |
| 775 | 08|tThe retirement home market study - Hull |w(CaOODSP)9.504726 |